| 000 | 00909nas a2200301 4500 | ||
|---|---|---|---|
| 001 | BR8304145 | ||
| 003 | BR-BrBNA | ||
| 005 | 20231205085643.0 | ||
| 007 | ta | ||
| 008 | 230509b bl.|||p| |||| 00| 00por d | ||
| 040 |
_aBR-BrBNA _bpor _cBiblioteca Nacional de Agricultura |
||
| 041 | _a(Pt) | ||
| 072 | _aF60 | ||
| 100 | 1 | _aPissaia, A. | |
| 100 | 1 | _aCosta, J.A. | |
| 100 | 1 | _aColasante, L.O. | |
| 245 | 1 | _aAnalise de crescimento em duas cultivares de soja submetidas a desfolhamento artificial [Glycine max] | |
| 650 | _aCRESCIMENTO | ||
| 650 | _aFATOR DE CRESCIMENTO | ||
| 650 | _aDESFOLHA ARTIFICIAL | ||
| 650 | _aSOJA | ||
| 650 | _aMATERIA SECA | ||
| 650 | _aDESFOLHANTE | ||
| 650 | _aFOTOSSINTESE | ||
| 773 | 0 |
_tRevista do Setor de Ciencias Agrarias (Brazil) _xISSN 0100-607X _g(1983), v. 5(1-2) p. 23-42 _wBR8304145 |
|
| 909 |
_a202311 _bLúcia _c55 _dLúcia Elande |
||
| 942 |
_2AGRIS _n0 _cANA |
||
| 999 |
_c112829 _d112829 |
||